000 00997cam a2200289 a 4500
001 3560260
003 OSt
005 20160530140623.0
008 980402s1998 vau b 000 0 eng
010 _a 98019666
020 _a0871203022 (pbk.)
040 _aDLC
_cDLC
_dDLC
050 0 0 _aBF 318
_b.Ar75 1998
082 0 0 _aGLT 370.1523
_bAr5 1998
100 1 _aArmstrong, Thomas.
_922385
245 1 0 _aAwakening genius in the classroom /
_cThomas Armstrong.
260 _aAlexandria, Va. :
_bAssociation for Supervision and Curriculum Development,
_c1998.
300 _aix, 81 p. :
_c23 cm.
650 0 _aLearning, Psychology of.
_923
650 0 _aMotivation in education.
_9364
650 0 _aMotivation (Psychology) in children.
_922387
650 0 _aCognitive styles.
_9766
906 _a7
_bcbc
_corignew
_d1
_eocip
_f19
_gy-gencatlg
942 _2lcc
_cBK
999 _c12501
_d12501